Представление документа в формате RUSMARC

ПолеНазваниеЗначение
  Тип записи a
  Библиографический уровень s
001 Контрольный номер DONNUET/MAIN/dee1bdbc9b8b427eb50c23808f1e7b99
005 Дата корректировки 20260424121053.2
010 Индекс ISBN __
d Цена 281.05
101 Язык документа 0_
a Язык текста rus
102 Страна публикации __
a Страна публикации ru
181 Поле кодированных данных: вид содержания _0
a Код вида содержания (ISBD) i
182 Поле кодированных данных: тип средства _0
a Код типа средства (ISBD) n
200 Заглавие и сведения об ответственности 1_
a Заглавие Пространство науки
h Номер части №3
203 Вид содержания и тип средства __
a Вид содержания Текст
c Тип средства непосредственный
207 Область специфических сведений: нумерация сериальных изданий _1
a Нумерация: даты и обозначения томов №3/2024
210 Выходные данные 1_
d Дата издания 2024
a Место издания Москва
801 Источник записи _1
a Страна ru
b Организация ДОННУЭТ
c Дата составления 24.04.2026
852 Данные о местонахождении __
a Наименование организации Научная библиотека ДОННУЭТ
901 Тип документа __
t Тип документа s
905 Дата создания БЗ __
a Дата создания БЗ 24.04.2026
952 Тип литературы __
a Тип литературы для КСУ ВШ ЖУР
c Вид литературы научные документы